000 01076nam2a2200253 4500
001 RU\NLR\BIBL_A\011764932
005 20180924154604.0
010 _a978-5-7539-0844-5
_9500
021 _aRU
_bКН-П-18-037131
_9КН-П-18-2685
035 _a(NLR Aleph) 011764932
090 _a11696178
_c11696178
100 _a20180807d2018 m y0rusy50 ca
101 0 _axal
102 _aRU
105 _ay z 000 y
200 1 _aЧик хаалһ
_e2 әңгтә роман
205 _a3-гч һарц
210 _d2018
215 _a621, [1] с.
461 0 _1001RU\NLR\BIBL_A\011764910
_12001#$aШүүҗ барлсн үүдәврмүд$fДорҗин Басң$vБоть 1
_1700#1$aДоржиев$bБ. Б.$gБасанг Бюрюнович$4070
_911696073
_aДоржиев, Б. Б. (1918-1969)
_cЭлст
_d2018-
_fДорҗин Басң
_n"Калмыкия" нертә Таңһчин зәңгллһнә агенств
_tШүүҗ барлсн үүдәврмүд
_vБоть 1
852 _aNLR
_bОНЛ
_jКалм./3-717
942 _cBOOK
980 _aNB